Pengurusan masa kini

Bibliographic Details
Main Author: Wan Azmi Ramli
Format: Book
Published: Kuala Lumpur : Utusan Publication & Distributors , 1991
Subjects:

MARC

LEADER 00000cam a2200000 7i4500
001 0000005911
002 000006386
005 20000330.0
020 |a 9676101621 
090 0 0 |a 658   |b WAN 
100 0 |a Wan Azmi Ramli 
245 1 0 |a Pengurusan masa kini   |c Wan Azmi Ramli 
260 |a Kuala Lumpur :   |b Utusan Publication & Distributors ,   |c 1991 
300 |a 328p. ;   |c 24cm. 
650 0 0 |a Management 
999 |a 016312   |b BUKU   |c PINJAMAN   |e PERPUSTAKAAN KOMUNITI PETALING JAYA